000 00402nam a22001697a 4500
003 CEME
005 20210628201759.0
008 210216b xxu||||| |||| 00| 0 eng d
020 _a81-7656-067-7
040 _c.
082 _a005.133-C++ KAN
245 _aLet us c plus plus
260 _aNEW DELHI
_bBPB PUBLISHER
_c1999
300 _aXII,605P
650 _aC PLUS PLUS
_956814
942 _cBK
_2ddc
999 _c567155
_d567155